Plus petite somme de numéros de départements frontaliers - Statistiques

Statistiques générales
  • Ce quiz a été pris 26 fois
  • Le résultat moyen est 11 sur 21
Statistiques - réponses
Somme des
numéros
Départements % Correct
10 Alpes-de-Haute-Provence + Alpes-Maritimes
96%
9 Hautes-Alpes + Alpes-de-Haute-Provence
91%
10 Aisne + Ardennes
78%
33 Ardèche + Drôme
78%
21 Cher + Allier
65%
40 Jura + Ain
65%
33 Charente + Charente-Maritime
57%
39 Ain + Isère
52%
20 Ariège + Aude
52%
27 Cantal + Aveyron
52%
34 Corrèze + Cantal
43%
26 Creuse + Allier
43%
31 Drôme + Hautes-Alpes
43%
41 Eure + Calvados
43%
40 Haute-Garonne + Ariège
43%
40 Charente + Dordogne
39%
37 Ardèche + Gard
35%
30 Drôme + Alpes-de-Haute-Provence
35%
31 Aube + Côte d'Or
22%
41 Charente-Maritime + Dordogne
22%
41 Cher + Creuse
13%
Aucun quiz correspondant
Distribution des résultats
% des personnes avec chaque résultat
Percentile par nombre de réponses
Votre historique - résultats
Vous n’avez pas pris ce quiz